[Event "Montreal Pere Noel op"]
[Site "Montreal"]
[Date "2023.12.30"]
[Round "5"]
[White "St Germain, Jack"]
[Black "Jiang Barron, Jiyu"]
[Result "1-0"]
[WhiteElo "1507"]
[BlackElo "1771"]
[PlyCount "101"]
[EventDate "2023.12.27"]
[EventType "swiss"]
[EventRounds "5"]
[EventCountry "CAN"]
[SourceTitle "CB02_2024"]
[SourceDate "2024.01.10"]
[SourceVersion "1"]
[SourceVersionDate "2024.01.10"]
[SourceQuality "1"]

1. e4 c5 2. Nf3 a6 3. d4 cxd4 4. Nxd4 Nf6 5. Nc3 e5 6. Nb3 Bb4 7. Bd3 d5 8. exd5 Qxd5 9. 0-0 Bxc3 10. bxc3 e4 11. c4 Qf5 12. Ba3 Nc6 13. Re1 Be6 14. Nc5 exd3 15. Nxb7 Qf4 16. g3 Qd4 17. c3 Qd7 18. Nc5 Qd6 19. Qa4 Qc7 20. Nxe6 fxe6 21. Rxe6+ Kf7 22. Rxc6 Qb7 23. c5 Qb5 24. Qxb5 axb5 25. Bb4 d2 26. Rd6 Ne4 27. Rd4 Rhd8 28. Rxd8 Rxd8 29. Rd1 Rd3 30. Kf1 Nxc3 31. Bxc3 Rxc3 32. Rxd2 Rxc5 33. Ke2 Ke6 34. Kd3 g5 35. Rc2 Rd5+ 36. Ke4 Re5+ 37. Kf3 Kd5 38. Kg4 Kd4 39. h4 Kd3 40. Rb2 gxh4 41. Kxh4 Kc3 42. f4 Rc5 43. Rf2 Kd4 44. f5 Ke5 45. Kg5 Rc8 46. f6 Rf8 47. f7 Ke6 48. Kh6 b4 49. Kg7 Rxf7+ 50. Rxf7 h5 51. Rf4 1-0

[Event "World op 51st"]
[Site "Philadelphia"]
[Date "2023.07.04"]
[Round "9"]
[White "Jiang Barron, Jiyu"]
[Black "Seshadri, Sridhar"]
[Result "1/2-1/2"]
[WhiteElo "1770"]
[BlackElo "1457"]
[PlyCount "66"]
[EventDate "2023.06.30"]
[EventType "swiss"]
[EventRounds "9"]
[EventCountry "USA"]
[SourceTitle "CBM 215 Extra"]
[Source "ChessBase"]
[SourceDate "2023.09.30"]
[SourceVersion "1"]
[SourceVersionDate "2023.09.30"]
[SourceQuality "1"]

1. e4 c5 2. Nf3 Nf6 3. Nc3 d5 4. exd5 Nxd5 5. Ne4 e6 6. c3 Be7 7. d4 cxd4 8. Nxd4 0-0 9. Bd3 e5 10. Nf3 Bg4 11. Bc2 Nc6 12. h3 Bh5 13. Ng3 Bg6 14. Bxg6 hxg6 15. 0-0 Nb6 16. Qe2 Bf6 17. Be3 Qc7 18. h4 Rfe8 19. Ng5 Nd5 20. N3e4 Nf4 21. Qf3 Nh5 22. g3 Bxg5 23. hxg5 Qe7 24. Rae1 f5 25. gxf6 gxf6 26. g4 Nf4 27. Bxf4 exf4 28. Qxf4 Kg7 29. Kg2 Ne5 30. Rh1 Rh8 31. Rxh8 Rxh8 32. Rh1 Rxh1 33. Kxh1 Nd3 1/2-1/2

[Event "Montreal Pere Noel op"]
[Site "Montreal"]
[Date "2022.12.30"]
[Round "5"]
[White "Jiang Barron, Jiyu"]
[Black "Hu, Raymond"]
[Result "1-0"]
[WhiteElo "1701"]
[BlackElo "1374"]
[PlyCount "73"]
[EventDate "2022.12.27"]
[EventType "swiss"]
[EventRounds "5"]
[EventCountry "CAN"]
[SourceTitle "CBM 211 Extra"]
[Source "ChessBase"]
[SourceDate "2023.01.31"]
[SourceVersion "1"]
[SourceVersionDate "2023.01.31"]
[SourceQuality "1"]

1. e4 c5 2. Nf3 Nc6 3. d4 cxd4 4. Nxd4 Nf6 5. Nc3 e6 6. a3 d5 7. exd5 Nxd5 8. Nxc6 bxc6 9. Ne4 e5 10. c4 Qh4 11. Qf3 Bg4 12. Qg3 Qxg3 13. hxg3 Nc7 14. Be3 a5 15. Bd3 Rb8 16. f3 Be6 17. 0-0-0 Be7 18. Nc5 h6 19. Be4 Bxc5 20. Bxc5 f5 21. Bxc6+ Kf7 22. Bd6 Rb6 23. Ba4 Rc8 24. Bxc7 Rxc7 25. b3 Bxc4 26. bxc4 Rxc4+ 27. Bc2 Rb3 28. Kd2 Rxa3 29. Ra1 Rd4+ 30. Ke2 Rc3 31. Bxf5 a4 32. Rh4 a3 33. Rxd4 exd4 34. Ra2 Kf6 35. Bd3 Ke5 36. Kd2 Kd5 37. Rc2 1-0

[Event "Montreal Pere Noel op"]
[Site "Montreal"]
[Date "2022.12.27"]
[Round "1"]
[White "Jiang Barron, Jiyu"]
[Black "Adam, Rafael"]
[Result "0-1"]
[WhiteElo "1701"]
[BlackElo "2020"]
[PlyCount "68"]
[EventDate "2022.12.27"]
[EventType "swiss"]
[EventRounds "5"]
[EventCountry "CAN"]
[SourceTitle "CBM 211 Extra"]
[Source "ChessBase"]
[SourceDate "2023.01.31"]
[SourceVersion "1"]
[SourceVersionDate "2023.01.31"]
[SourceQuality "1"]

1. e4 e5 2. Nf3 Nc6 3. d4 exd4 4. Nxd4 Bc5 5. Nb3 Bb6 6. a4 a5 7. Nc3 Nge7 8. Be2 0-0 9. 0-0 d6 10. Nd5 Nxd5 11. exd5 Ne5 12. Nd4 f5 13. f4 Qf6 14. c3 Bd7 15. Kh1 Ng4 16. Bxg4 fxg4 17. Be3 Rae8 18. Qd2 Re4 19. Rae1 Rfe8 20. b3 Qe7 21. Bf2 Qf7 22. Rxe4 Rxe4 23. Ne2 Bxf2 24. Rxf2 Qe7 25. g3 Bf5 26. Kg2 Re3 27. Nd4 Be4+ 28. Kf1 Bd3+ 29. Ne2 Qe4 30. Ke1 Qh1+ 31. Rf1 Qe4 32. Rf2 Bxe2 33. Rxe2 Qh1+ 34. Kf2 Rf3# 0-1

[Event "Quebec op"]
[Site "Laval"]
[Date "2022.09.05"]
[Round "8"]
[White "Bluvshtein, Ilia"]
[Black "Jiang Barron, Jiyu"]
[Result "1-0"]
[WhiteElo "2034"]
[BlackElo "1603"]
[PlyCount "61"]
[EventDate "2022.09.01"]
[EventType "swiss"]
[EventRounds "9"]
[EventCountry "CAN"]
[SourceTitle "CBM 210 Extra"]
[Source "ChessBase"]
[SourceDate "2022.11.30"]
[SourceVersion "1"]
[SourceVersionDate "2022.11.30"]
[SourceQuality "1"]

1. e4 c5 2. Nf3 d6 3. d4 cxd4 4. Nxd4 Nf6 5. Nc3 a6 6. Bg5 e6 7. f4 Be7 8. Qf3 Nbd7 9. 0-0-0 Qc7 10. g4 b5 11. Bxf6 Nxf6 12. g5 Nd7 13. f5 Bxg5+ 14. Kb1 Ne5 15. Qh5 b4 16. Ncb5 axb5 17. Qxg5 Kf8 18. f6 gxf6 19. Qxf6 Rg8 20. Nxb5 Qa5 21. Rxd6 Ba6 22. Qxe5 b3 23. Rd1 Qxa2+ 24. Kc1 bxc2 25. Qd6+ Kg7 26. Rg1+ Kf6 27. e5+ Kf5 28. Bh3+ Kf4 29. Qd4+ Kf3 30. Rgf1+ Ke2 31. Qe4# 1-0

[Event "Quebec op"]
[Site "Laval"]
[Date "2022.09.04"]
[Round "5"]
[White "Bassel, Charaf"]
[Black "Jiang Barron, Jiyu"]
[Result "0-1"]
[WhiteElo "2082"]
[BlackElo "1603"]
[PlyCount "88"]
[EventDate "2022.09.01"]
[EventType "swiss"]
[EventRounds "9"]
[EventCountry "CAN"]
[SourceTitle "CBM 210 Extra"]
[Source "ChessBase"]
[SourceDate "2022.11.30"]
[SourceVersion "1"]
[SourceVersionDate "2022.11.30"]
[SourceQuality "1"]

1. d4 Nf6 2. c4 e5 3. dxe5 Ng4 4. Bf4 Nc6 5. Nf3 Bb4+ 6. Nbd2 Qe7 7. e3 Ngxe5 8. Nxe5 Nxe5 9. Be2 d6 10. 0-0 a5 11. a3 Bc5 12. Ne4 Bb6 13. Nc3 Be6 14. Nd5 Bxd5 15. Qxd5 c6 16. Qd2 0-0 17. b4 axb4 18. axb4 Rad8 19. Qc3 Ng6 20. Bg3 f5 21. Bd3 f4 22. Bxg6 fxg3 23. Bxh7+ Kxh7 24. hxg3 Rf6 25. Rac1 c5 26. b5 Rh6 27. Qd3+ Kh8 28. Ra1 Qg5 29. e4 Qe5 30. Rfe1 Rf8 31. Qe2 Qd4 32. Red1 Rxf2 33. Qxf2 Rh1+ 34. Kxh1 Qxf2 35. Kh2 Qe3 36. Re1 Qd4 37. Ra4 Kh7 38. Rf1 Qxe4 39. Rf4 Qe5 40. Rh4+ Kg6 41. Rg4+ Kf7 42. Rf4+ Ke7 43. Ra8 g5 44. Rg4 Qf5 0-1

[Event "Quebec op"]
[Site "Laval"]
[Date "2022.09.01"]
[Round "1"]
[White "Jiang Barron, Jiyu"]
[Black "Robichaud, Louis"]
[Result "0-1"]
[WhiteElo "1603"]
[BlackElo "2026"]
[PlyCount "92"]
[EventDate "2022.09.01"]
[EventType "swiss"]
[EventRounds "9"]
[EventCountry "CAN"]
[SourceTitle "CBM 210 Extra"]
[Source "ChessBase"]
[SourceDate "2022.11.30"]
[SourceVersion "1"]
[SourceVersionDate "2022.11.30"]
[SourceQuality "1"]

1. e4 e5 2. Nf3 Nc6 3. d4 exd4 4. Nxd4 Bc5 5. Nb3 Bb6 6. Nc3 Nf6 7. a4 a6 8. Be2 0-0 9. 0-0 h6 10. Bf4 d6 11. Nd5 Ba7 12. Nd2 Re8 13. Bd3 Be6 14. c4 Ne5 15. Bxe5 dxe5 16. Qb3 Nd7 17. Qc3 c6 18. Ne3 Bd4 19. Qc2 Qb6 20. Nb3 Bxe3 21. fxe3 Qxe3+ 22. Kh1 Qb6 23. Ra3 c5 24. Qf2 Rac8 25. Nc1 Qd6 26. Rc3 Nb8 27. Be2 Nc6 28. Rg3 Ne7 29. h4 f5 30. exf5 Nxf5 31. Rg6 Rf8 32. Bf3 e4 33. Bxe4 Ng3+ 34. Qxg3 Rxf1+ 35. Kh2 Qxg3+ 36. Kxg3 Bf7 37. Nd3 Bxg6 38. Bxg6 b5 39. axb5 axb5 40. cxb5 c4 41. Ne5 Rc5 42. Nf3 Rxb5 43. Nd2 Rc1 44. Be4 Kf8 45. Nxc4 Rxc4 46. Bd3 Rb3 0-1